| 000 | 00558nam a2200193 u 4500 | ||
|---|---|---|---|
| 005 | 20240228063634.0 | ||
| 008 | 100426s2009 es r 000 0 spa d | ||
| 020 | _a9788466784498 | ||
| 035 | _aUPN01000175515 | ||
| 049 | _aI | ||
| 050 | 4 |
_aPZ78 _bA4.78 |
|
| 100 | 1 |
_aAlonso, Fernando, _d1941- _930640 |
|
| 245 | 1 | 0 |
_aRumbo a Marte / _cFernando Alonso ; il. Emilio Urberuaga. |
| 260 |
_aMadrid : _bAnaya, _c2009. |
||
| 300 |
_a122 p. : _bil. col. |
||
| 650 | 4 |
_aLiteratura infantil española _95892 |
|
| 650 | 4 |
_aCiencia ficción _95230 |
|
| 905 | _aInfantil | ||
| 999 |
_c147619 _d147619 |
||